The Egypt game. (Record no. 110859)
[ view plain ]
| 000 -LEADER | |
|---|---|
| fixed length control field | 00353nam a2200145 a 4500 |
| 003 - CONTROL NUMBER IDENTIFIER | |
| control field | MO |
| 005 - DATE AND TIME OF LATEST TRANSACTION | |
| control field | 20170315113801.0 |
| 008 - FIXED-LENGTH DATA ELEMENTS--GENERAL INFORMATION | |
| fixed length control field | 100923s19uu xx 00 eng d |
| 050 ## - LIBRARY OF CONGRESS CALL NUMBER | |
| Classification number | TR |
| Item number | Sn9 1967 |
| 100 ## - MAIN ENTRY--PERSONAL NAME | |
| Personal name | Snyder, Zilpha Keatley |
| 245 ## - TITLE STATEMENT | |
| Title | The Egypt game. |
| 260 ## - PUBLICATION, DISTRIBUTION, ETC. (IMPRINT) | |
| Place of publication, distribution, etc | New York : |
| Name of publisher, distributor, etc | A Yearling Book, |
| Date of publication, distribution, etc | 1967. |
| 942 ## - ADDED ENTRY ELEMENTS (KOHA) | |
| Source of classification or shelving scheme | Dewey Decimal Classification |
| Koha item type | Books |
| Withdrawn status | Lost status | Source of classification or shelving scheme | Damaged status | Home library | Current library | Shelving location | Date acquired | Source of acquisition | Total Checkouts | Full call number | Barcode | Date last seen | Price effective from | Koha item type |
|---|---|---|---|---|---|---|---|---|---|---|---|---|---|---|
| Dewey Decimal Classification | Munich Library | Munich Library | Teachers Reference Section | 09/23/2010 | Library Fund | TR Sn9 1967 | M1369 | 04/14/2014 | 04/14/2014 | Books |